Online Catalogue and eLibrary

Fictions of Feminist Ethnography (Record no. 5507)

MARC details
000 -LEADER
fixed length control field 00453nam a2200181Ia 4500
005 - DATE AND TIME OF LATEST TRANSACTION
control field 20250120012125.0
008 - FIXED-LENGTH DATA ELEMENTS--GENERAL INFORMATION
fixed length control field 240331s9999 xx 000 0 und d
020 ## - INTERNATIONAL STANDARD BOOK NUMBER
ISBN 0195639154
082 ## - DDC Classification
Item Number - Author Mark VIS
DDC Edition Number 2676
Class No. 305.3
100 ## - MAIN ENTRY--PERSONAL NAME
Personal name Visweswaran, K
245 #0 - TITLE STATEMENT
Title Fictions of Feminist Ethnography
260 ## - PUBLICATION, DISTRIBUTION, ETC.
Place of publication, distribution, etc. Delhi
Name of publisher, distributor, etc. Oxford University Press
Date of publication, distribution, etc. 1996
300 ## - PHYSICAL DESCRIPTION
Extent (e.g. Volumes, Pages etc.) xii, 205 p.,
650 ## - SUBJECT ADDED ENTRY--TOPICAL TERM
Topical term or geographic name entry element Feminism
650 ## - SUBJECT ADDED ENTRY--TOPICAL TERM
Topical term or geographic name entry element Ethnography
650 ## - SUBJECT ADDED ENTRY--TOPICAL TERM
Topical term or geographic name entry element Fiction
942 ## - Koha item type (Biblio)
Koha item type Books in Stacks (Lending)
Holdings
Lost status Damaged status Collection code Home library Current library Shelving location Date acquired Full call number Accession Number Item type
    Lending WERC Library WERC Library Social Science Cupboard 03/31/2024 305.3 VIS 2676 Books in Stacks (Lending)

© WERC Library